LEADER 01088nam a2200289 u 4500 001 000000030365 003 CaOOAMICUS 005 20070226112023.0 008 970915s1992 it u000 u ita u 020 $a8831137344 035 $a10769326 040 $aPUL(R)$bita 100 1 $aSpreafico, Ambrogio.$0(OLS)http://pul/name/6781 245 13$aIl libro dell'Esodo /$cAmbrogio Spreafico. 260 $aRoma :$bCittà Nuova,$cc1992. 300 $a182 p. ;$c20 cm 490 1 $aGuide spirituali all'Antico Testamento 500 $a"Indice" : p. 179-182. 504 $a"Bibliografia" : p. 15-16. 830 0$aGuide spirituali all'Antico Testamento.$0(OLS)http://pul/title/41726 850 $aPUL 852 $aPUL$W1$xCollocazioni Temporanee$y24$mF.5.25$j41942$nBK-PRI$b $qStampati$B41942$CPULBib$Z2$F41942 $H $81 941 1 $a8 961 $aINV: 69904 996 $6020$a8831137344$9(OLS)http://pul/number/38102 996 $6245$aIl libro dell'Esodo$9(OLS)http://pul/title/41725 996 $6260$aRoma :$bCittà Nuova$9(OLS)http://pul/publisher/47927 LEADER 00878naa a2200193 u 4500 001 000000095842 003 CaOOAMICUS 005 20070226130144.0 008 040713s1981 it u000 u ita u 035 $a11004304 040 $aIRN$bita 100 1 $aPolara, Giovanni.$0(OLS)http://pul/name/278 245 10$aProblemi di grafia del latino fra Tardo Antico e Alto Medioevo /$cGiovanni Polara. 260 $aRoma :$bHerder,$c1981. 300 $aS. 475-489, ;$c24 cm 773 0 $aLa cultura in Italia fra Tardo Antico e Alto Medioevo.$gv. 1 773 0 $tLa cultura in Italia fra Tardo Antico e Alto Medioevo : atti del convegno tenuto a Roma, Consiglio nazionale delle ricerche, dal 12 al 16 novembre 1979$w()13302 996 $6245$aProblemi di grafia del latino fra Tardo Antico e Alto Medioevo$9(OLS)http://pul/title/122719 996 $6260$aRoma :$bHerder$9(OLS)http://pul/publisher/47913